State Flags Without Writing - Statistics

General Stats
  • This quiz has been taken 8 times
  • The average score is 5 of 13
Answer Stats
State % Correct
Alabama
67%
Alaska
67%
Colorado
67%
Arizona
50%
Hawaii
33%
Maryland
33%
Minnesota
33%
Ohio
33%
New Mexico
17%
South Carolina
17%
Tennessee
17%
Texas
17%
Utah
17%
No matching quizzes found
Score Distribution
Percent of People with Each Score
Percentile by Number Answered
Your Score History
You have not taken this quiz